Statistics for Sylvester Stallone Movies

Click here to take the quiz!

General Stats

  • This quiz has been taken 17,636 times
    (4,961 since last reset)
  • The average score is 9 of 17

Answer Stats

DescriptionMovie% Correct
All-American boxer uses old fashioned training methods to defeat a
cold-hearted Soviet boxer
Rocky IV
99%
Vietnam veteran uses a machine gun to destroy parts of a Northwestern town after
he is disrespected and abused by local cops
First Blood
96%
Former boxing champ trains the son of his friend who died in the ringCreed
79%
All-star cast of washed up action heroes conduct some sort of military missionThe Expendables
73%
Once again, a talking raccoon and other assorted weirdos are called upon
to defend the Milky Way
Guardians of the
Galaxy Vol. 2
68%
Mega-cities of the future save money by allowing cops to act as judge, jury, and executionerJudge Dredd
67%
Mountain man races thieves to retrieve suitcases full of $1,000 billsCliffhanger
52%
To defeat a super villain, wimps of the future must unthaw a super copDemolition Man
47%
Vietnam veteran is called into action one last time, to rescue his niece
from the Mexican cartel
Rambo: Last Blood
44%
Trucker enters a high stakes arm-wrestling tournament to win $100,000 and a new truckOver the Top
42%
Slick Beverly Hills cop and street-wise L.A. cop are framed for murder and must escape
from prison to vindicate themselves
Tango & Cash
38%
Detective has a seemlingly frail mother who turns out to be an epic badassStop! Or My Mom
Will Shoot
36%
Partially-deaf New Jersey cop has a showdown with corrupt New York copsCop Land
33%
Cross-country auto racers compete for speed and to kill innocent pedestriansDeath Race 2000
32%
People are stuck in a tunnel and only one man can lead them to safetyDaylight
30%
Cop disregards police protocol to eliminate a gang of social DarwinistsCobra
29%
Ex-CIA operative can make special bombs that kill only the intended target,
not innocent bystanders
The Specialist
23%

Score Distribution

Percentile by Number Answered

Percent of People with Each Score

Your Score History

You have not taken this quiz since the last reset